LEADER 04386oam 22011534 450 001 9910972308303321 005 20250426110137.0 010 $a9786613831484 010 $a9781462391172 010 $a1462391176 010 $a9781452756196 010 $a1452756198 010 $a9781283519038 010 $a1283519038 010 $a9781451986136 010 $a1451986130 035 $a(CKB)3360000000444051 035 $a(EBL)3014355 035 $a(SSID)ssj0000941493 035 $a(PQKBManifestationID)11509469 035 $a(PQKBTitleCode)TC0000941493 035 $a(PQKBWorkID)10964026 035 $a(PQKB)11547009 035 $a(OCoLC)698585567 035 $a(IMF)WPIEE2006169 035 $a(MiAaPQ)EBC3014355 035 $a(IMF)WPIEA2006169 035 $aWPIEA2006169 035 $a(EXLCZ)993360000000444051 100 $a20020129d2006 uf 0 101 0 $aeng 135 $aur|n|---||||| 181 $ctxt 182 $cc 183 $acr 200 10$aInstitutions versus Geography : $eSubnational Evidence from the United States /$fAlma Romero-Barrutieta, Eric Clifton 205 $a1st ed. 210 1$aWashington, D.C. :$cInternational Monetary Fund,$d2006. 215 $a1 online resource (26 p.) 225 1 $aIMF Working Papers 300 $a"July 2006". 311 08$a9781451864298 311 08$a1451864299 320 $aIncludes bibliographical references. 327 $a""Contents""; ""I. INTRODUCTION""; ""II. INSTITUTIONS AND GEOGRAPHY""; ""III. DATA""; ""IV. EVIDENCE""; ""V. CONCLUSIONS""; ""References"" 330 3 $aEmpirical studies of the impact of geography and institutions on growth and development at the international level have become common place, but the high degree of abstraction at that level has led to calls for subnational studies. This paper examines these issues for a region of the United States, Appalachia, where the specific factors at play are identified and measured thus obviating the need for instrumental variable techniques. The evidence suggests that initial conditions, including both geography and institutions, are very important for economic development, having significant effects lasting hundreds of years. 410 0$aIMF Working Papers; Working Paper ;$vNo. 2006/169 606 $aEconomic development 606 $aEconomic geography 606 $aEconometric Modeling: General$2imf 606 $aEconometric models$2imf 606 $aEconometrics & economic statistics$2imf 606 $aEconometrics$2imf 606 $aEstimation techniques$2imf 606 $aEstimation$2imf 606 $aIncome$2imf 606 $aInstitutional arrangements for revenue administration$2imf 606 $aMacroeconomics$2imf 606 $aPersonal income$2imf 606 $aPersonal Income, Wealth, and Their Distributions$2imf 606 $aPoverty & precarity$2imf 606 $aPoverty and Homelessness$2imf 606 $aPoverty$2imf 606 $aPublic finance & taxation$2imf 606 $aPublic Finance$2imf 606 $aRevenue$2imf 606 $aSpatial models$2imf 606 $aTaxation, Subsidies, and Revenue: General$2imf 606 $aWelfare, Well-Being, and Poverty: General$2imf 607 $aUnited States$2imf 615 0$aEconomic development. 615 0$aEconomic geography. 615 7$aEconometric Modeling: General 615 7$aEconometric models 615 7$aEconometrics & economic statistics 615 7$aEconometrics 615 7$aEstimation techniques 615 7$aEstimation 615 7$aIncome 615 7$aInstitutional arrangements for revenue administration 615 7$aMacroeconomics 615 7$aPersonal income 615 7$aPersonal Income, Wealth, and Their Distributions 615 7$aPoverty & precarity 615 7$aPoverty and Homelessness 615 7$aPoverty 615 7$aPublic finance & taxation 615 7$aPublic Finance 615 7$aRevenue 615 7$aSpatial models 615 7$aTaxation, Subsidies, and Revenue: General 615 7$aWelfare, Well-Being, and Poverty: General 700 $aRomero-Barrutieta$b Alma$01816460 701 $aClifton$b Eric$01816461 801 0$bDcWaIMF 906 $aBOOK 912 $a9910972308303321 996 $aInstitutions versus Geography$94372550 997 $aUNINA LEADER 06186oam 2201105 c 450 001 9910765746503321 005 20260302090207.0 010 $a9783839450451 010 $a3839450454 024 7 $a10.14361/9783839450451 035 $a(CKB)4100000011249194 035 $a(DE-B1597)539327 035 $a(DE-B1597)9783839450451 035 $a(OCoLC)1202624398 035 $a(MiAaPQ)EBC6763800 035 $a(Au-PeEL)EBL6763800 035 $a(transcript Verlag)9783839450451 035 $a(MiAaPQ)EBC6956136 035 $a(Au-PeEL)EBL6956136 035 $a(MiAaPQ)EBC30386345 035 $a(Au-PeEL)EBL30386345 035 $a(ScCtBLL)095eb9b8-d3fb-4744-8b93-a911d1e750f7 035 $a(Perlego)1637992 035 $a(EXLCZ)994100000011249194 100 $a20260302d2020 uy 0 101 0 $ager 135 $aur||||||||||| 181 $ctxt$2rdacontent 182 $cc$2rdamedia 183 $acr$2rdacarrier 200 10$aMoscheeleben in Deutschland$eEine Ethnographie zu Islamischem Wissen, Tradition und religiöser Autorität$fAyse Almila Akca 205 $a1st ed. 210 $aBielefeld$ctranscript Verlag$d2020 215 $a1 online resource (436 p.) 225 0 $aGlobaler lokaler Islam 300 $aReligious authority, gender relations and inner-Islamic criticism - knowledge and practice in the religious environment of German mosques. 311 08$a9783837650457 311 08$a3837650456 327 $aFrontmatter 1 Inhalt 5 Vorwort 7 Vorbemerkung 9 Einfu?hrung: Moscheeleben in Deutschland erforschen 11 Einleitung 31 1. Religio?ses Wissen, Religio?se Praxis und Islamisches Wissen - Begriffstheoretische U?berlegungen 32 2. Islamisches Wissen in Moscheen 50 Einleitung 101 1. Islamisches Feld, religio?se Akteur*innen und das religio?se Kapital 102 2. Die lokalen Moscheen im islamischen Feld: Folie fu?r den Kampf um religio?se Macht 113 3. Der Begriff Religio?se Akteur*innen in der Diskussion mit Bourdieu und Weber 168 Einleitung 191 1. Frauenbereiche und genderseparierte Gebetssa?le - lokaler U?berblick und historische Einordnung 199 2. Der gegenderte Gebetssaal: Die Aushandlung von Normen durch Praktiken und Diskussionen 218 3. Teilnahme von Frauen an Freitags- und Feiertagsgebeten 234 4. Imamin oder Lehrerin? Zur Hierarchie von Wissensvermittlung und Gebetsleitung 241 Einleitung 249 1. Tradition in der Kritik: welche Traditionen denn? 257 2. Wissen und Vernunft als Herausforderung fu?r Ahl as-sunna wa-l-gam a? 301 3. Der Koran im Mittelpunkt der religio?sen Praxis 327 4. »Ja, haben denn unsere Vorfahren alles falsch gemacht?« - Die Perspektive der kritisierten Gemeindereligiosita?t 349 5. Kontinuita?t des islamischen Modernismus in Moscheen? 367 Schlussbetrachtung: Moscheeleben, Religio?se Autorita?t und Islamisches Wissen in Deutschland 373 Abku?rzungsverzeichnis 385 Chronologie der Feldforschung 389 Bibliographie 397 Im Text erwa?hnte Koransuren und -verse 425 Sach- und Personenregister 427 330 $aWelches religiöse Wissen und welche Praktiken sind in deutschen Moscheen vorzufinden? Wie legitimieren Muslim*innen islamisches Wissen als gültig bzw. ungültig und wer autorisiert dieses Wissen? Ayse Almila Akca bietet mit ihrer ethnographischen Studie tiefe Einblicke in das Moscheeleben in Deutschland und gibt spannende Antworten auf diese und weitere Fragen. Sie hinterfragt gängige Vorstellungen und analysiert religiöse Autorität, Geschlechterverhältnisse und innerislamische Kritik in deutschen Moscheen auf Basis ihrer langjährigen und intensiven Feldforschungen. Damit leistet sie einen wichtigen Beitrag, um die Entwicklungen im islamischen Feld in Deutschland besser zu verstehen. 330 1 $a»Das vorliegende Buch [bietet] nicht nur für Forscher:innen sowohl in theoretischer als auch in methodischer Hinsicht einen Perspektivenwechsel, sondern liefert zugleich einen sehr detaillierten und lebendigen Lesestoff für einen interessierten Leser:innenkreis.« 330 1 $a»Eine differenzierte Untersuchung des im kontinuierlichen Wandel befindlichen islamischen und religiösen Wissens in deutschen Moscheen im Spannungsfeld von Tradition und Moderne.« 330 1 $aBesprochen in:InfoDienst Migration, 1 (2021) 410 0$aGlobaler Lokaler Islam 517 2 $aAkca, Moscheeleben in Deutschland$eEine Ethnographie zu Islamischem Wissen, Tradition und religiöser Autorität 606 $aMuslim*innen 606 $aMosque 606 $aMoschee 606 $aGermany 606 $aDeutschland 606 $aGender 606 $aReligious Knowledge 606 $aReligiöses Wissen 606 $aReligious Practice 606 $aReligiöse Praxis 606 $aReligious Authority 606 $aReligiöse Autorität 606 $aIslam 606 $aIslamic Studies 606 $aReligion 606 $aIslamwissenschaft 606 $aReligious Studies 606 $aReligionswissenschaft 606 $aSociology of Religion 606 $aReligionssoziologie 615 4$aMuslim*innen 615 4$aMosque 615 4$aMoschee 615 4$aGermany 615 4$aDeutschland 615 4$aGender 615 4$aReligious Knowledge 615 4$aReligiöses Wissen 615 4$aReligious Practice 615 4$aReligiöse Praxis 615 4$aReligious Authority 615 4$aReligiöse Autorität 615 4$aIslam 615 4$aIslamic Studies 615 4$aReligion 615 4$aIslamwissenschaft 615 4$aReligious Studies 615 4$aReligionswissenschaft 615 4$aSociology of Religion 615 4$aReligionssoziologie 676 $a297.770943 686 $aLC 50015$2rvk 700 $aAkca$b Ayse Almila$p
Ayse Amila Akca, Freie Universität Berlin, Deutschland
$4aut$01887506 712 02$aFreie Universität Berlin$4fnd$4http://id.loc.gov/vocabulary/relators/fnd 801 0$bDE-B1597 801 1$bDE-B1597 906 $aBOOK 912 $a9910765746503321 996 $aMoscheeleben in Deutschland$94524488 997 $aUNINA